Ars Poetica

Bibliographic Details
Main Author: József, Attila, 1905-1937 (Author)
Format: Article
Language:Hungarian
ISSN:1336-1678
Subjects:

MARC

LEADER 00000nab a2200000 ar4500
001 vtls010121164
003 SK-MaSNL
005 20260304020257.0
008 250115c2007 xo |||||||| 000 b|hun
015 |a SNBRB2010/08  |2 snkbucl 
038 |a SNKBUCL 
040 |a DSZK  |b slo  |c DSZK  |e AACR2 
041 0 |a hun 
044 |a xo  |c SK 
080 |a 821.511.141-1=511.141  |2 1997 
100 1 |a József, Attila,  |d 1905-1937  |4 aut  |9 210880 
245 1 0 |a Ars Poetica  |c József Attila 
655 7 |a maďarská poézia  |2 snkbucl  |9 70602 
773 0 |t Atelier  |g Évf. X, sz. 2 (2007), o. 1  |x 1336-1678 
850 |a Slovenská národná knižnica 
852 |a Slovenská národná knižnica 
958 |a HU 
958 |a LX 
999 |c 2597656  |d 2599586